000 00796cam a22002414a 4500
001 12548340
005 20251027202804.0
008 010928s2002 paua bf 001 0 eng
020 _a1582550824
_qalk. paper
020 _a9781582550824
_q(alk. paper)
050 0 0 _aRT41
_b.I44 2002
082 0 0 _a610.73
_221
245 0 0 _aIllustrated manual of nursing practice.
250 _a3rd ed.
260 _aPhiladelphia :
_bLippincott Williams & Wilkins,
_cc2002.
300 _axiii, 1490 p. :
_bill. ;
_c26 cm.
650 0 _aNursing
_vHandbooks, manuals, etc.
650 1 2 _aNursing Care.
650 1 2 _aNursing Process.
710 2 _aLippincott Williams & Wilkins.
856 4 2 _3Publisher description
_uhttp://www.loc.gov/catdir/enhancements/fy0711/2001049987-d.html
942 _2lcc
_cBK
_e3rd ed.
_n0
999 _c7835
_d7835